The 'Easy' Quiz Stats

 Plays Quiz not verified by Sporcle

Score 0/23 Timer 07:00
0 Plays Today
Clue Answer % Correct
Genre of music often called elevator music or muzakEasy Listening
83.8%
Nickname for the city of New OrleansThe Big Easy
73.5%
Toy oven manufactured by HasbroEasy Bake
71.7%
Another name for runny fried eggsOver easy
68.9%
Advertising slogan for office supply store StaplesThat was easy
62.9%
An expression that compares simplicity with a dessertEasy as pie
60.3%
A good looking person is said to be thisEasy on the eyes
60.1%
Because he blends in with so many ordinary things, Kermit the Frog complains that...It's not easy being green
52.2%
An upholstered furniture item--a good one is required by serious couch potatoesEasy chair
52%
Baseball term for a poor hitterEasy out
49.8%
Movie for which Jack Nicholson received his first Oscar nomination for a supporting role Easy Rider
48.7%
An unconcerned attitude to a sudden reversal of good fortune, or a line in Bohemian RhapsodyEasy come, easy go
44.3%
Clue Answer % Correct
Opening track song on the Eagles debut albumTake It Easy
42.8%
Marketing slogan for Cover Girl productsEasy, Breezy, Beautiful Cover Girl
40.1%
A condition of financial security and comfort; also 1917 Charlie Chaplin film in which the Little Tramp helps the cops maintain law and orderEasy Street
32.5%
A Milton Bradley board game; also a 1983 film starring Rodney DangerfieldEasy Money
19.7%
Brand of shampoo-in permanent hair-coloring, or a Frank Sinatra albumNice 'n Easy
14.9%
Brand of women's shoes owned by Jones Apparel GroupEasy Spirit
14.5%
Movie for which Jack Nicholson received his first Oscar nomination for a lead role Five Easy Pieces
12.5%
2008 film starring Jessica Biel and Colin FirthEasy Virtue
2.9%
1969 Three Dog Night hitEasy To Be Hard
2.4%
Alanis Morissette song from the album So-Called ChaosEight Easy Steps
2%
American Champion Hall of Fame thoroughbred that holds the second fastest time for the Belmont StakesEasy Goer
2%

You're not logged in!

Compare scores with friends on all Sporcle quizzes.
OR
Log In

You Might Also Like...

Show Comments

Extras

Created Sep 26, 2009ReportNominate
Tags:easy, term

Top Quizzes Today


Score Distribution

Your Account Isn't Verified!

In order to create a playlist on Sporcle, you need to verify the email address you used during registration. Go to your Sporcle Settings to finish the process.

Report this User

Report this user for behavior that violates our Community Guidelines.

Details: